|
|
|
|
| LEADER |
00000cam a2200000 7i4500 |
| 001 |
0000003052 |
| 002 |
000003305 |
| 005 |
20000330.0 |
| 020 |
|
|
|a 9678904349
|
| 090 |
0 |
0 |
|a 346.0666
|b MAL
|
| 110 |
2 |
|
|a Malaysia
|
| 240 |
0 |
0 |
|a Securities Industry(Central Depositories)Act 1991
|
| 245 |
1 |
0 |
|a Securities industry (Central Depositories) Act, 1991(Act 453) & Akta Perindustrian Sekuriti(Depositori Pusat) 1991(Akta 453)
|c Compiled by legal Research Board
|
| 260 |
|
|
|a Kuala Lumpur :
|b ILBS ,
|c 1993
|
| 300 |
|
|
|a 109p ;
|c 24cm.
|
| 490 |
0 |
|
|a Laws of Malaysia
|
| 500 |
|
|
|a As at 25th April 1993
|
| 650 |
0 |
0 |
|a Futures
|x Law and legislation
|z Malaysia
|
| 650 |
0 |
0 |
|a Stock exchanges
|x Law and legislation
|
| 999 |
|
|
|a 036259
|b BUKU
|c AKTA
|e PERPUSTAKAAN KOMUNITI PETALING JAYA
|